000
00326nam a2200145Ia 4500
008
230718s9999 xx 000 0 und d
041
_a
Eng.
082
_a
332.1
_b
BAB-T
100
_a
Babcock, Bruce
245
4
_a
The Fous Carinal
260
_a
Pakistan
_b
Mc Graw Hill
_c
1886
300
_a
224
650
_a
Law
999
_c
26150
_d
26150